Physics Word Chain - Statistics

General Stats
  • This quiz has been taken 198 times
  • The average score is 10 of 16
Answer Stats
Hint Answer % Correct
Famously invented the theory of general relativity Einstein
97%
SI unit of force Newton
94%
What EM stands for (e.g. EM spectrum) Electromagnetic
87%
A photon is a quantum of _____ Light
87%
Every ______ has an equal and opposite reaction Action
84%
The flow of electrons in a wire Current
77%
Topic involving the study of heat transfer, phase transitions and entropy Thermodynamics
75%
SI unit of magnetic flux density Tesla
55%
A planet beyond our solar system Exoplanet
54%
Another word for the moment of a force Torque
54%
_____'s modulus is equal to stress divided by strain Young
54%
A ferromagnetic element Nickel
51%
One of Jupiter's four largest moons Ganymede
46%
Unit commonly used to measure the wavelength of visible light Nanometre
46%
Name of a popular equation used to describe the dynamics of quantum systems Schrödinger
44%
The Becquerel is the SI unit of _____________ Radioactivity
39%
No matching quizzes found
Score Distribution
Percent of People with Each Score
Percentile by Number Answered
Your Score History
You have not taken this quiz